ARRUPE JESUIT UNIVERSITY

CORONAVIRUS -STOP THE SPREAD - CLEAN,DISINFECT,COVER

Jesuit life and mission today : (Record no. 130518)

MARC details
000 -LEADER
fixed length control field 00994cam a22002898i 4500
001 - CONTROL NUMBER
control field 19562634
003 - CONTROL NUMBER IDENTIFIER
control field ARRUPE
005 - DATE AND TIME OF LATEST TRANSACTION
control field 20201020120008.0
008 - FIXED-LENGTH DATA ELEMENTS--GENERAL INFORMATION
fixed length control field 170320s2017 mau 100 0 eng
010 ## - LIBRARY OF CONGRESS CONTROL NUMBER
LC control number 2017002959
020 ## - INTERNATIONAL STANDARD BOOK NUMBER
International Standard Book Number 9780997282375 (paperback)
040 ## - CATALOGING SOURCE
Original cataloging agency DLC
Language of cataloging eng
Description conventions rda
Transcribing agency DLC
041 1# - LANGUAGE CODE
Language code of text/sound track or separate title eng
Language code of original and/or intermediate translations of text lat
042 ## - AUTHENTICATION CODE
Authentication code pcc
050 00 - LIBRARY OF CONGRESS CALL NUMBER
Classification number BX3701.
Item number .JC1 P24
082 00 - DEWEY DECIMAL CLASSIFICATION NUMBER
Classification number 255/.5304
Edition number 23
300 ## - PHYSICAL DESCRIPTION
Dimensions 22cm.
245 10 - TITLE STATEMENT
Title Jesuit life and mission today :
Remainder of title the decrees of the 31st-35th general congregations of the society of Jesus/
Statement of responsibility, etc editor, John W. Padberg.
260 ## - PUBLICATION, DISTRIBUTION, ETC. (IMPRINT)
Place of publication, distribution, etc St. Louis
Name of publisher, distributor, etc The institute of Jesuit Sources
Date of publication, distribution, etc 2009
263 ## - PROJECTED PUBLICATION DATE
Projected publication date 1704
300 ## - PHYSICAL DESCRIPTION
Extent xxiii, 897p. ;
440 ## - SERIES STATEMENT/ADDED ENTRY--TITLE
Title Jesuit primary sources in English translation
Number of part/section of a work 25
9 (RLIN) 49922
610 20 - SUBJECT ADDED ENTRY--CORPORATE NAME
Corporate name or jurisdiction name as entry element Jesuits
Form subdivision General congregation.
9 (RLIN) 49923
700 1# - ADDED ENTRY--PERSONAL NAME
Personal name Padberg, John W..,
Relator term editor.
9 (RLIN) 49924
906 ## - LOCAL DATA ELEMENT F, LDF (RLIN)
a 7
b cbc
c orignew
d 1
e ecip
f 20
g y-gencatlg
942 ## - ADDED ENTRY ELEMENTS (KOHA)
Source of classification or shelving scheme Library of Congress Classification
Koha item type Monograph ( Printed materials)
Holdings
Withdrawn status Lost status Source of classification or shelving scheme Damaged status Not for loan Collection code Home library Current library Shelving location Date acquired Total Checkouts Full call number Barcode Date last seen Price effective from Koha item type
    Library of Congress Classification     Main Collection ARRUPE LIBRARY ARRUPE LIBRARY Main Collection 20/10/2020   BX3701. .JC1 P24 46600008100 20/10/2020 20/10/2020 Monograph ( Printed materials)

 

Arrupe Library. PO Box MP320 Mt Pleasant, Harare, Zimbabwe
263 242 745411|librarian@aju.ac.zw